000 00234 a2200097 4500
001 39809
100 _aSharma
245 _aThermodynamics & Stats Physics
260 _aBombay
_bHimalaya Publishing House
_c1988
090 _c24814
_d24814
942 _aNUST-CAE
_cM
_c16463
999 _c274882
_d274882